Antisepsis Fisinfection And sterization (Record no. 85788)

MARC details
000 -LEADER
fixed length control field 00349pam a2200145 a 4500
020 ## - INTERNATIONAL STANDARD BOOK NUMBER
Terms of availability
041 ## - LANGUAGE CODE
Language code of text/sound track or separate title eng
082 ## - DEWEY DECIMAL CLASSIFICATION NUMBER
Item number GER
100 ## - MAIN ENTRY--PERSONAL NAME
Personal name Gerald Medonnell .
245 ## - TITLE STATEMENT
Title Antisepsis Fisinfection And sterization
Medium Textual Documents
250 ## - EDITION STATEMENT
Edition statement 2007.
260 ## - PUBLICATION, DISTRIBUTION, ETC.
Place of publication, distribution, etc. [s.l]:
Name of publisher, distributor, etc. American Socity For Microbiology
300 ## - PHYSICAL DESCRIPTION
Extent 361 pg .
930 ## - EQUIVALENCE OR CROSS-REFERENCE-UNIFORM TITLE HEADING [LOCAL, CANADA]
Uniform title 8882
Holdings
Withdrawn status Lost status Damaged status Not for loan Collection Home library Current library Date acquired Source of acquisition Cost, normal purchase price Total Checkouts Full call number Barcode Date last seen Copy number Price effective from Koha item type
          Yashwantrao Mohite College of Arts, Science And Commerce, Pune Yashwantrao Mohite College of Arts, Science And Commerce, Pune 04/06/2021 Bharati Sahakari Madhyavarti Grahak Bhandar 6045.00   GER YMP-40862 24/02/2023 1 24/02/2023 Book